Lonely planet austria / (Record no. 15804)
[ view plain ]
| 000 -LEADER | |
|---|---|
| fixed length control field | 01504nam a2200265 a 4500 |
| 001 - CONTROL NUMBER | |
| control field | ASIN1741792843 |
| 005 - DATE AND TIME OF LATEST TRANSACTION | |
| control field | 20170105102926.0 |
| 008 - FIXED-LENGTH DATA ELEMENTS--GENERAL INFORMATION | |
| fixed length control field | 131211s2011 xxu eng d |
| 020 ## - INTERNATIONAL STANDARD BOOK NUMBER | |
| International Standard Book Number | 1741792843 (paperback) |
| Terms of availability | $22.99 |
| 020 ## - INTERNATIONAL STANDARD BOOK NUMBER | |
| International Standard Book Number | 9781741792843 (paperback) |
| 040 ## - CATALOGING SOURCE | |
| Original cataloging agency | 0 |
| 050 04 - LIBRARY OF CONGRESS CALL NUMBER | |
| Classification number | DB16 |
| 082 04 - DEWEY DECIMAL CLASSIFICATION NUMBER | |
| Classification number | 914.3604535 |
| Author Mark | AUS 2011 |
| 100 1# - MAIN ENTRY--PERSONAL NAME | |
| Personal name | Haywood, Anthony. |
| 245 10 - TITLE STATEMENT | |
| Title | Lonely planet austria / |
| Statement of responsibility, etc. | Anthony Haywood. |
| 250 ## - EDITION STATEMENT | |
| Edition statement | 6 Pap/Map ed. |
| 260 ## - PUBLICATION, DISTRIBUTION, ETC. | |
| Place of publication, distribution, etc. | [S.l.] : |
| Name of publisher, distributor, etc. | Lonely Planet, |
| Date of publication, distribution, etc. | 2011. |
| 300 ## - PHYSICAL DESCRIPTION | |
| Extent | 432 p. ; |
| Dimensions | 20 cm. |
| 490 1# - SERIES STATEMENT | |
| Series statement | Country travel guide. |
| 520 ## - SUMMARY, ETC. | |
| Summary, etc. | “Mountains, lakes and deep alpine valleys; food and wine, and Vienna’s gritty eloquence: Austria has captivating culture to get into, and iconic landscapes for getting away from it all.” – Anthony Haywood, Lonely Planet Writer Our Promise You can trust our travel information because Lonely Planet authors visit the places we write about, each and every edition. We never accept freebies for positive coverage, and you can rely on us to tell it like we see it. Inside This Book… 3 experienced authors 5 marmots spotted 100 days of in-country research 305 cups of Viennese coffee consumed Inspirational photos Clear, easy-to-use maps Outdoor activities In-depth background Comprehensive planning tools At a glance practical info. |
| 650 #0 - SUBJECT ADDED ENTRY--TOPICAL TERM | |
| Topical term or geographic name entry element | Austria |
| 830 #0 - SERIES ADDED ENTRY--UNIFORM TITLE | |
| Uniform title | Country travel guide. |
| 856 40 - ELECTRONIC LOCATION AND ACCESS | |
| Materials specified | Amazon.com |
| Uniform Resource Identifier | <a href="http://www.amazon.com/exec/obidos/ASIN/1741792843/chopaconline-20">http://www.amazon.com/exec/obidos/ASIN/1741792843/chopaconline-20</a> |
| 942 ## - ADDED ENTRY ELEMENTS (KOHA) | |
| Source of classification or shelving scheme | |
| Koha item type | Book |
| Withdrawn status | Lost status | Damaged status | Not for loan | Collection code | Permanent Location | Current Location | Shelving location | Date acquired | Total Checkouts | Full call number | Barcode | Date last seen | Price effective from | Koha item type |
|---|---|---|---|---|---|---|---|---|---|---|---|---|---|---|
| Centre for International Peace & Stability (CIPS) | Centre for International Peace & Stability (CIPS) | General Stacks | 10/02/2013 | 914.3604535 AUS 2011 | CIPS0001723 | 12/12/2013 | 01/05/2017 | Book |
